[Event "BL 9192 FTG Frankfurt-Bayern"]
[Site "?"]
[Date "1991.??.??"]
[Round "?.1"]
[White "Huebner, R."]
[Black "Khalifman, A."]
[Result "0-1"]
[WhiteElo "2615"]
[BlackElo "2630"]
[PlyCount "84"]
[EventDate "1991.??.??"]

1. d4 Nf6 2. c4 e6 3. Nc3 Bb4 4. e3 O-O 5. Bd3 d5 6. Nf3 b6 7. O-O Bb7 8. a3
Bd6 9. b4 dxc4 10. Bxc4 Nbd7 11. Bb2 a5 12. b5 e5 13. Re1 e4 14. Nd2 Qe7 15. f4
exf3 16. gxf3 Rad8 17. Qe2 Rfe8 18. Qf2 Nf8 19. Nde4 Ng6 20. Nxd6 cxd6 21. Bf1
Nh5 22. e4 Nhf4 23. Qg3 d5 24. exd5 Qd7 25. Rxe8+ Rxe8 26. Re1 Rxe1 27. Qxe1
Nxd5 28. Ne4 Qe7 29. Qg3 Ndf4 30. Bc1 Bxe4 31. Bxf4 Bd5 32. Bc1 h6 33. Bd3 Qf6
34. Be3 Bxf3 35. Bxg6 fxg6 36. h4 Bd5 37. Qf4 Qe7 38. Qe5 Qd7 39. Kf2 Qxb5 40.
Kg3 Qd7 41. Qb8+ Kh7 42. Qxb6 Qf5 0-1

[Event "BL 9192 FTG Frankfurt-Bayern"]
[Site "?"]
[Date "1991.??.??"]
[Round "?.2"]
[White "Lobron, E."]
[Black "Yusupov, A."]
[Result "0-1"]
[WhiteElo "2540"]
[BlackElo "2625"]
[PlyCount "44"]
[EventDate "1991.??.??"]

1. d4 Nf6 2. c4 e6 3. Nf3 Bb4+ 4. Bd2 a5 5. g3 O-O 6. Bg2 b6 7. O-O Ba6 8. Qc2
c5 9. Rd1 Ra7 10. e4 cxd4 11. Bxb4 axb4 12. e5 Ne8 13. Rxd4 Nc6 14. Rh4 h6 15.
Nbd2 d6 16. exd6 Nxd6 17. Nd4 Ne7 18. c5 Ndf5 19. Nxf5 Nxf5 20. Rxb4 bxc5 21.
Qxc5 Rc7 22. Qb6 Qxd2 0-1

[Event "BL 9192 FTG Frankfurt-Bayern"]
[Site "?"]
[Date "1991.??.??"]
[Round "?.3"]
[White "Ribli, Z."]
[Black "Tischbierek, R."]
[Result "1-0"]
[WhiteElo "2595"]
[BlackElo "2480"]
[PlyCount "65"]
[EventDate "1991.??.??"]

1. Nf3 d5 2. d4 Nf6 3. c4 e6 4. Nc3 Bb4 5. Bg5 Nbd7 6. cxd5 exd5 7. Rc1 c6 8.
a3 Bxc3+ 9. bxc3 Qa5 10. Qb3 Ne4 11. Bh4 O-O 12. e3 c5 13. dxc5 Ndxc5 14. Qb4
Qc7 15. Be2 Bg4 16. O-O a5 17. Qb5 Ra6 18. c4 Rh6 19. cxd5 Bxf3 20. Bxf3 Rxh4
21. g3 Nd2 22. Bg2 Nxf1 23. gxh4 Qxh2+ 24. Kxf1 b6 25. Qxb6 Nd3 26. Rd1 Rb8 27.
Qa7 g6 28. Qd4 Ne5 29. d6 Rd8 30. Rc1 h5 31. Rc7 g5 32. hxg5 Ng4 33. g6 1-0

[Event "BL 9192 FTG Frankfurt-Bayern"]
[Site "?"]
[Date "1991.??.??"]
[Round "?.4"]
[White "Gutman, L."]
[Black "Hertneck, G."]
[Result "0-1"]
[WhiteElo "2465"]
[BlackElo "2555"]
[PlyCount "82"]
[EventDate "1991.??.??"]

1. c4 e5 2. g3 Nf6 3. Bg2 c6 4. Nf3 e4 5. Nd4 d5 6. cxd5 Qxd5 7. Nc2 Qh5 8. Ne3
Bh3 9. Qb3 Bxg2 10. Nxg2 Qb5 11. Qxb5 cxb5 12. Nc3 a6 13. d3 exd3 14. Bg5 Nbd7
15. exd3 h6 16. Bf4 Nc5 17. O-O-O O-O-O 18. d4 Ne6 19. Be3 b4 20. Ne2 g5 21.
Ne1 Nd5 22. Nd3 Bg7 23. Kb1 b6 24. h4 Kb7 25. hxg5 hxg5 26. g4 a5 27. Ng3 Rxh1
28. Rxh1 Ndf4 29. Ne5 Bxe5 30. dxe5 Ng6 31. Ne4 Nxe5 32. Nxg5 Nxg5 33. Bxg5 Rd7
34. Rh4 a4 35. Bc1 b3 36. axb3 axb3 37. f4 Nd3 38. Rh3 Kc6 39. g5 Rd5 40. Be3
Nf2 41. Rh6+ Kc7 0-1

[Event "BL 9192 FTG Frankfurt-Bayern"]
[Site "?"]
[Date "1991.??.??"]
[Round "?.5"]
[White "Boensch, U."]
[Black "Heyken, E."]
[Result "1-0"]
[WhiteElo "2560"]
[BlackElo "2440"]
[PlyCount "81"]
[EventDate "1991.??.??"]

1. d4 Nf6 2. c4 d6 3. Nc3 Nbd7 4. e4 e5 5. d5 Nc5 6. f3 a5 7. Be3 Be7 8. Qd2
O-O 9. O-O-O Nfd7 10. g4 a4 11. Nge2 a3 12. b3 c6 13. Ng3 Qa5 14. Nf5 Re8 15.
Nxe7+ Rxe7 16. Kb1 Nf6 17. Be2 Ne8 18. Ka1 Nd7 19. Rb1 Nf8 20. b4 Qc7 21. Rhd1
Rd7 22. Rb3 Rd8 23. Qc1 Ng6 24. Rxa3 Rxa3 25. Qxa3 Nf4 26. Bf1 Nf6 27. Qa7 Nd7
28. dxc6 Qxc6 29. Nb5 d5 30. cxd5 Qf6 31. Qa3 Nf8 32. Qb2 Bd7 33. Na3 N8g6 34.
Nc4 Rc8 35. Nb6 Rd8 36. Rc1 Be8 37. Qf2 h6 38. a3 Qd6 39. h4 Qb8 40. h5 Ne7 41.
Qc2 1-0

[Event "BL 9192 FTG Frankfurt-Bayern"]
[Site "?"]
[Date "1991.??.??"]
[Round "?.6"]
[White "Kohlweyer, B."]
[Black "Kindermann, S."]
[Result "0-1"]
[WhiteElo "2405"]
[BlackElo "2500"]
[PlyCount "86"]
[EventDate "1991.??.??"]

1. d4 Nf6 2. c4 g6 3. Nc3 Bg7 4. e4 d6 5. f3 O-O 6. Be3 c5 7. dxc5 dxc5 8. e5
Nfd7 9. f4 f6 10. exf6 Nxf6 11. Qxd8 Rxd8 12. Bxc5 Nc6 13. Nf3 b6 14. Ba3 Ng4
15. Nd5 e6 16. h3 exd5 17. hxg4 Bxg4 18. cxd5 Bxf3 19. gxf3 Nd4 20. Bd3 Rac8
21. Kf2 Rxd5 22. Rac1 Rdd8 23. Bc4+ Kh8 24. Bf7 Nf5 25. Rxc8 Rxc8 26. Re1 Rc2+
27. Re2 Bd4+ 28. Ke1 Rxe2+ 29. Kxe2 Kg7 30. Bc4 h5 31. Ke1 Ne3 32. Bb5 Bc5 33.
Bxc5 bxc5 34. Kd2 Nd5 35. Kd3 Nxf4+ 36. Kc4 h4 37. Bd7 h3 38. Bxh3 Nxh3 39.
Kxc5 Ng5 40. b4 Nxf3 41. a4 Kf6 42. b5 Ke6 43. a5 Ne5 0-1

[Event "BL 9192 FTG Frankfurt-Bayern"]
[Site "?"]
[Date "1991.??.??"]
[Round "?.7"]
[White "Bischoff, K."]
[Black "Werner, D."]
[Result "1-0"]
[WhiteElo "2510"]
[BlackElo "2395"]
[PlyCount "69"]
[EventDate "1991.??.??"]

1. d4 Nf6 2. c4 g6 3. Nc3 Bg7 4. e4 O-O 5. f3 c6 6. Be3 d6 7. Nge2 a6 8. c5 b5
9. cxd6 exd6 10. g3 Re8 11. Qd2 Nbd7 12. Bg2 Nb6 13. b3 b4 14. Nd1 a5 15. Rc1
Bb7 16. Nf2 Rc8 17. O-O Nfd7 18. Rfd1 Qe7 19. Bh6 Ba6 20. Bxg7 Kxg7 21. Nf4 Bb5
22. Bh3 Rcd8 23. Bf1 Bxf1 24. Kxf1 Rc8 25. Kg2 d5 26. e5 c5 27. dxc5 Rxc5 28.
Rxc5 Qxc5 29. Rc1 Qb5 30. Ng4 Nxe5 31. Nh5+ gxh5 32. Qh6+ Kh8 33. Qf6+ Kg8 34.
Nh6+ Kf8 35. Nf5 1-0

[Event "BL 9192 FTG Frankfurt-Bayern"]
[Site "?"]
[Date "1991.??.??"]
[Round "?.8"]
[White "Degenhardt, H."]
[Black "Stangl, M."]
[Result "1-0"]
[WhiteElo "2295"]
[BlackElo "2490"]
[PlyCount "131"]
[EventDate "1991.??.??"]

1. e4 g6 2. d4 Bg7 3. Nc3 c6 4. Nf3 d5 5. Bf4 dxe4 6. Nxe4 Qa5+ 7. Qd2 Qxd2+ 8.
Kxd2 Nf6 9. Nxf6+ Bxf6 10. Bc4 Nd7 11. Ne5 O-O 12. c3 Nb6 13. Bb3 Nd5 14. Bxd5
cxd5 15. Rae1 Bg7 16. Nd3 Re8 17. h4 h5 18. Re2 Bd7 19. Rhe1 Kf8 20. Ne5 Bf5
21. f3 f6 22. Nd3 Bxd3 23. Kxd3 Kf7 24. Re6 Rac8 25. g4 Rc6 26. R6e2 e6 27. g5
b5 28. a3 a5 29. Rg1 fxg5 30. Bxg5 Bf8 31. Rge1 Bd6 32. Rg1 Rec8 33. Bd2 Be7
34. Reg2 Rg8 35. Bg5 Bd6 36. Bd2 Rc4 37. Re2 Bc7 38. Reg2 e5 39. Rg5 exd4 40.
cxd4 Bb6 41. Rxd5 Rd8 42. Rxd8 Bxd8 43. b3 Rc6 44. Bg5 Bb6 45. Re1 Rd6 46. Re7+
Kf8 47. Re4 Kf7 48. a4 Rd5 49. axb5 Rxb5 50. Kc4 Rb4+ 51. Kc3 Rb5 52. Re7+ Kf8
53. Re6 Rb4 54. d5 Bd4+ 55. Kd3 Bc5 56. Re4 Rb7 57. Kc4 Rc7 58. Bd8 Rc8 59.
Bxa5 Bb6+ 60. Kb5 Bxa5 61. Kxa5 Rc5+ 62. Ka4 Rxd5 63. b4 Rd1 64. b5 Ra1+ 65.
Kb4 Rb1+ 66. Kc5 1-0

[Event "BL 9192 München 36-FTG Frankfurt"]
[Site "?"]
[Date "1991.??.??"]
[Round "?.2"]
[White "Smejkal, J."]
[Black "Lobron, E."]
[Result "0-1"]
[WhiteElo "2555"]
[BlackElo "2540"]
[PlyCount "79"]
[EventDate "1991.??.??"]

1. Nf3 d5 2. d4 Nf6 3. c4 e6 4. g3 Bb4+ 5. Bd2 Be7 6. Bg2 O-O 7. O-O c6 8. Qc2
b6 9. Bf4 Bb7 10. Rd1 Nbd7 11. Nc3 Nh5 12. Bc1 f5 13. b3 Rc8 14. Bb2 Bd6 15. e3
Qe7 16. Ne1 Nhf6 17. Nd3 Rc7 18. Rac1 Rcc8 19. Ne2 Ng4 20. a4 a5 21. Qd2 Ngf6
22. Rc2 g5 23. Qe1 Rfd8 24. f4 h6 25. c5 Bc7 26. cxb6 Bxb6 27. Nc5 Nxc5 28.
dxc5 Bc7 29. Nd4 Kh7 30. Nf3 Ne4 31. Rdc1 Ba6 32. Ne5 Qe8 33. Qd1 Rb8 34. Rf2
Rb4 35. Bd4 Nxf2 36. Kxf2 Rdb8 37. fxg5 Bxe5 38. Bxe5 R8b7 39. Bf3 Qg6 40. h4 {
ZÜ} 0-1

[Event "BL 9192 München 36-FTG Frankfurt"]
[Site "?"]
[Date "1991.??.??"]
[Round "?.3"]
[White "Tischbierek, R."]
[Black "Gruenberg, HU."]
[Result "1-0"]
[WhiteElo "2480"]
[BlackElo "2530"]
[PlyCount "78"]
[EventDate "1991.??.??"]

1. e4 c5 2. Nf3 d6 3. d4 cxd4 4. Nxd4 Nf6 5. Nc3 a6 6. Bc4 e6 7. Bb3 Nbd7 8. f4
Nc5 9. e5 Nfd7 10. exd6 Nf6 11. Be3 Bxd6 12. Qf3 O-O 13. O-O-O Qc7 14. g4 Bd7
15. g5 Ne8 16. Kb1 Rc8 17. h4 Nxb3 18. cxb3 Bc5 19. Rhg1 Nd6 20. h5 b5 21. h6
g6 22. Rc1 Qb8 23. Rgd1 Rfd8 24. Qe2 b4 25. Na4 Bxa4 26. bxa4 Qb7 27. Bg1 Qe4+
28. Qxe4 Nxe4 29. Nc6 Rxd1 30. Rxd1 Bf8 31. Rc1 Ra8 32. Be3 f6 33. a3 bxa3 34.
b4 fxg5 35. fxg5 Bd6 36. Rc4 Ng3 37. Ka2 Nf5 38. Bc1 Rf8 39. b5 axb5 1-0

[Event "BL 9192 München 36-FTG Frankfurt"]
[Site "?"]
[Date "1991.??.??"]
[Round "?.4"]
[White "Enders, P."]
[Black "Gutman, L."]
[Result "1-0"]
[WhiteElo "2475"]
[BlackElo "2465"]
[PlyCount "83"]
[EventDate "1991.??.??"]

1. e4 c5 2. Nf3 d6 3. d4 cxd4 4. Nxd4 Nf6 5. Nc3 a6 6. Bg5 e6 7. f4 Nbd7 8. Qf3
Qc7 9. O-O-O b5 10. Bxf6 Nxf6 11. Bd3 Bb7 12. Rhe1 O-O-O 13. a3 Kb8 14. Kb1 Qb6
15. Nb3 Rc8 16. f5 h5 17. fxe6 fxe6 18. Ne2 Ng4 19. Nf4 Rh6 20. Nxh5 Ne5 21.
Qe2 a5 22. g4 a4 23. Nc1 b4 24. axb4 Qxb4 25. Na2 Qb6 26. g5 a3 27. b3 Rh8 28.
Nf4 Nxd3 29. Rxd3 Rh4 30. Nxe6 Rxe4 31. Re3 d5 32. Nxf8 Rxf8 33. Qd2 Rfe8 34.
Rxe4 Rxe4 35. Nc3 Rxe1+ 36. Qxe1 Qd6 37. Qg3 Qxg3 38. hxg3 Bc6 39. Ka2 Kc7 40.
Kxa3 Kd6 41. Ne2 Ke5 42. Kb4 1-0

[Event "BL 9192 München 36-FTG Frankfurt"]
[Site "?"]
[Date "1991.??.??"]
[Round "?.5"]
[White "Heyken, E."]
[Black "Bastian, H."]
[Result "0-1"]
[WhiteElo "2440"]
[BlackElo "2330"]
[PlyCount "66"]
[EventDate "1991.??.??"]

1. c4 e5 2. Nc3 Nc6 3. g3 g6 4. Bg2 Bg7 5. Rb1 d6 6. b4 f5 7. b5 Nd4 8. e3 Ne6
9. Nge2 Nf6 10. d3 O-O 11. O-O a6 12. b6 c6 13. d4 e4 14. Ba3 Ng5 15. Nf4 Re8
16. h4 Nf7 17. Qb3 Ng4 18. Rfd1 g5 19. hxg5 Qxg5 20. Nh3 Qf6 21. Ne2 h5 22.
Nef4 Qh6 23. Qa4 Bd7 24. c5 Rad8 25. cxd6 c5 26. Qb3 cxd4 27. exd4 h4 28. gxh4
e3 29. Bd5 exf2+ 30. Nxf2 Qxf4 31. Bxf7+ Kh8 32. Nxg4 Qxg4+ 33. Kh1 Re2 0-1

[Event "BL 9192 München 36-FTG Frankfurt"]
[Site "?"]
[Date "1991.??.??"]
[Round "?.6"]
[White "Ruf, M."]
[Black "Kohlweyer, B."]
[Result "1-0"]
[WhiteElo "2390"]
[BlackElo "2405"]
[PlyCount "85"]
[EventDate "1991.??.??"]

1. d4 Nf6 2. Nf3 e6 3. Bg5 h6 4. Bxf6 Qxf6 5. e4 d6 6. Nc3 a6 7. e5 Qd8 8. Bd3
d5 9. Ne2 c5 10. c3 Nc6 11. a3 Bd7 12. b4 cxd4 13. cxd4 Be7 14. O-O Qb6 15. Rc1
g5 16. Re1 h5 17. Qd2 Rg8 18. Qb2 Na7 19. Nd2 a5 20. b5 a4 21. Rb1 Nc8 22. Nf1
Qd8 23. b6 Kf8 24. Rec1 Kg7 25. Rc7 Rb8 26. Rbc1 Qe8 27. Neg3 Rh8 28. Be2 g4
29. Ne3 Kg8 30. R1c3 Bd8 31. f3 h4 32. Ngf1 gxf3 33. Bxf3 Ne7 34. Qd2 Ng6 35.
Ng4 Kg7 36. Bd1 Bb5 37. Nf6 Qf8 38. Bc2 Bxf1 39. Kxf1 Bxc7 40. bxc7 Rc8 41.
Bxa4 h3 42. g4 Qe7 43. Qc1 1-0

[Event "BL 9192 München 36-FTG Frankfurt"]
[Site "?"]
[Date "1991.??.??"]
[Round "?.8"]
[White "Reich, T."]
[Black "Degenhardt, H."]
[Result "1/2-1/2"]
[WhiteElo "2400"]
[BlackElo "2295"]
[PlyCount "62"]
[EventDate "1991.??.??"]

1. c4 e5 2. Nc3 Nc6 3. Nf3 Nf6 4. g3 d5 5. cxd5 Nxd5 6. Bg2 Nb6 7. O-O Be7 8.
d3 O-O 9. Be3 Be6 10. Qc1 Nd5 11. Ng5 Bxg5 12. Bxg5 f6 13. Bd2 Qd7 14. Re1 Rac8
15. b3 b6 16. Qb2 Nxc3 17. Bxc3 Bd5 18. Bf1 Rfd8 19. b4 Be6 20. Rec1 Ne7 21.
Be1 Qa4 22. Rc3 c5 23. bxc5 Rxc5 24. Rxc5 bxc5 25. Rc1 Rc8 26. Bg2 Kf7 27. h4
c4 28. dxc4 Rxc4 29. Rxc4 Bxc4 30. a3 Qd1 31. Kf1 a6 1/2-1/2

[Event "BL 9192 Bayern-Sindelfingen"]
[Site "?"]
[Date "1991.??.??"]
[Round "?.3"]
[White "Fahnenschmidt, G."]
[Black "Ribli, Z."]
[Result "0-1"]
[WhiteElo "2385"]
[BlackElo "2595"]
[PlyCount "84"]
[EventDate "1991.??.??"]

1. d4 Nf6 2. c4 e6 3. Nf3 d5 4. Nc3 dxc4 5. e3 a6 6. a4 c5 7. Bxc4 Nc6 8. O-O
Be7 9. Qe2 O-O 10. Rd1 Qc7 11. h3 Rd8 12. dxc5 Rxd1+ 13. Qxd1 Bxc5 14. e4 Bd7
15. Bg5 Be8 16. Qe2 Nd4 17. Nxd4 Bxd4 18. Bd2 Rd8 19. Be1 Nh5 20. Bxa6 Nf4 21.
Qc4 Nxh3+ 22. Kf1 Qh2 23. gxh3 Qxh3+ 24. Ke2 bxa6 25. Rd1 Qh5+ 26. Kf1 e5 27.
Rd3 Bd7 28. Kg2 Qg6+ 29. Rg3 Qc6 30. Qe2 Be6 31. Qf3 Rb8 32. b4 g6 33. Bd2 Bc4
34. Kh2 Qe6 35. Nd5 Bxd5 36. exd5 Qd7 37. Rg1 Qxa4 38. Bh6 Qxb4 39. Rb1 Qxb1
40. Qf6 e4 41. Qxd4 Qb2 42. Qa7 Qb6 0-1

[Event "BL 9192 Bayern-Sindelfingen"]
[Site "?"]
[Date "1991.??.??"]
[Round "?.4"]
[White "Hertneck, G."]
[Black "Marinkovic, I."]
[Result "1/2-1/2"]
[WhiteElo "2555"]
[BlackElo "2485"]
[PlyCount "161"]
[EventDate "1991.??.??"]

1. d4 Nf6 2. c4 c5 3. d5 b5 4. cxb5 a6 5. b6 Qxb6 6. Nc3 g6 7. e4 d6 8. Nf3 Bg7
9. Nd2 O-O 10. Be2 a5 11. a4 Ba6 12. Nb5 Bxb5 13. axb5 Nbd7 14. O-O Qc7 15. Qc2
Nb6 16. Nc4 Nxc4 17. Bxc4 Nd7 18. Bd2 Rfb8 19. Ra3 a4 20. h4 Ne5 21. Be2 c4 22.
Bc3 Qc5 23. Rxa4 Rxa4 24. Qxa4 Qxb5 25. Qxb5 Rxb5 26. Ra1 Rb8 27. f4 Nd3 28.
Bxd3 cxd3 29. Rd1 Bxc3 30. bxc3 Rb2 31. Rxd3 h5 32. Re3 Rc2 33. Kh2 Rf2 34. Kg3
Rf1 35. e5 Kf8 36. c4 Rc1 37. Re4 Rc3+ 38. Kf2 Rc2+ 39. Kf3 Rc3+ 40. Ke2 Rc2+
41. Kd3 Rxg2 42. exd6 exd6 43. c5 dxc5 44. Kc4 Rc2+ 45. Kb5 c4 46. Kc6 Rd2 47.
Rxc4 Ke7 48. Re4+ Kd8 49. Kd6 Ra2 50. Rc4 Ra6+ 51. Rc6 Ra4 52. Rb6 Kc8 53. Ke5
Kd7 54. Rb7+ Ke8 55. Kd6 Ra6+ 56. Kc5 Rf6 57. Rb4 Kd7 58. Ra4 Ke7 59. f5 Rxf5
60. Kc6 Rf1 61. d6+ Ke6 62. Re4+ Kf5 63. d7 Kxe4 64. d8=Q Rf5 65. Qd1 Kf4 66.
Qg1 Kf3 67. Kd6 Kf4 68. Qg2 Ke3 69. Qg3+ Ke4 70. Ke7 Kd4 71. Kf8 Ke4 72. Kg7
Kd4 73. Qe1 Kd3 74. Kf8 Kd4 75. Qg3 Ke4 76. Ke7 Kd4 77. Kd6 Ke4 78. Kc6 Kd4 79.
Qe1 Rc5+ 80. Kb6 Rf5 81. Qe2 1/2-1/2

[Event "BL 9192 Bayern-Sindelfingen"]
[Site "?"]
[Date "1991.??.??"]
[Round "?.6"]
[White "Kindermann, S."]
[Black "Gerstner, W."]
[Result "1/2-1/2"]
[WhiteElo "2500"]
[BlackElo "2385"]
[PlyCount "61"]
[EventDate "1991.??.??"]

1. e4 c5 2. Nf3 e6 3. d4 cxd4 4. Nxd4 a6 5. Bd3 Nc6 6. Nxc6 dxc6 7. O-O e5 8.
a4 Nf6 9. Nd2 Be6 10. Qe2 Bc5 11. Nc4 Bg4 12. Qe1 Qe7 13. a5 Rd8 14. Be3 O-O
15. f3 Bc8 16. Qf2 Bxe3 17. Qxe3 Nd7 18. Rfd1 Rfe8 19. Bf1 Nf8 20. c3 h6 21.
Qb6 Ng6 22. b4 Be6 23. Qc5 Qxc5+ 24. bxc5 Bxc4 25. Bxc4 Rxd1+ 26. Rxd1 Nf8 27.
Kf2 g6 28. Ke3 Kg7 29. Ba2 Re7 30. Rb1 Rd7 31. g3 1/2-1/2

[Event "BL 9192 Bayern-Sindelfingen"]
[Site "?"]
[Date "1991.??.??"]
[Round "?.7"]
[White "Franke, H."]
[Black "Bischoff, K."]
[Result "1/2-1/2"]
[WhiteElo "2380"]
[BlackElo "2510"]
[PlyCount "49"]
[EventDate "1991.??.??"]

1. d4 e6 2. Nf3 Nf6 3. Bg5 h6 4. Bh4 c5 5. e3 cxd4 6. exd4 Be7 7. Nbd2 d6 8.
Bd3 Nbd7 9. c3 b6 10. O-O Bb7 11. Qe2 O-O 12. Nc4 Qc7 13. Ne3 Rfe8 14. Nd2 Bf8
15. f4 a6 16. Ng4 Be7 17. Rae1 b5 18. Bb1 Nxg4 19. Qxg4 Qd8 20. Bg3 Nf6 21. Qh3
Qb6 22. f5 e5 23. Kh1 exd4 24. Bf2 Qc6 25. Bxd4 1/2-1/2

[Event "BL 9192 Bayern-Sindelfingen"]
[Site "?"]
[Date "1991.??.??"]
[Round "?.8"]
[White "Schlosser, P."]
[Black "Werner, Marc"]
[Result "1-0"]
[WhiteElo "2485"]
[BlackElo "2335"]
[PlyCount "66"]
[EventDate "1991.??.??"]

1. Nf3 Nf6 2. c4 g6 3. Nc3 Bg7 4. e4 d6 5. d4 O-O 6. Be2 e5 7. O-O exd4 8. Nxd4
Re8 9. f3 Nh5 10. g4 Nf6 11. Be3 Nc6 12. Qd2 Nd7 13. Rad1 Nxd4 14. Bxd4 Ne5 15.
g5 Bh3 16. Rf2 f6 17. f4 Nd7 18. Qd3 Be6 19. h4 Bf7 20. Qh3 Qe7 21. Nb5 Nc5 22.
gxf6 Bxf6 23. Bxc5 dxc5 24. e5 Bg7 25. Rd7 Qe6 26. Bg4 Qxc4 27. Nxc7 h5 28. Bd1
Qxa2 29. Nxa8 Rxa8 30. Rxb7 Qb1 31. Qd7 Qf5 32. Qxf5 gxf5 33. Rg2 Rd8 1-0

[Event "BL 9192 Empor Berlin-Hannover"]
[Site "?"]
[Date "1991.??.??"]
[Round "?.2"]
[White "Kovalev, A."]
[Black "Dankert, P."]
[Result "1/2-1/2"]
[WhiteElo "2550"]
[BlackElo "2230"]
[PlyCount "157"]
[EventDate "1991.??.??"]

1. e4 Nf6 2. e5 Nd5 3. d4 d6 4. Nf3 Bg4 5. Be2 e6 6. O-O Be7 7. c4 Nb6 8. h3
Bh5 9. Nc3 O-O 10. Be3 d5 11. b3 Nc6 12. c5 Bxf3 13. Bxf3 Nc8 14. b4 Bg5 15. b5
Na5 16. Bxg5 Qxg5 17. Be2 Ne7 18. f4 Qh6 19. Bd3 b6 20. Kh2 Rad8 21. Qe2 f6 22.
Rae1 f5 23. Rc1 g5 24. fxg5 Qxg5 25. Nb1 Ng6 26. Qf2 Rf7 27. Nd2 Rg7 28. Rc2
Nf4 29. Nf3 Qe7 30. Qe3 Nxd3 31. Qxd3 Nc4 32. c6 Kh8 33. g3 Rdg8 34. Rg2 f4 35.
g4 Ne3 36. Rff2 Nxg2 37. Rxg2 Qf7 38. Rf2 Rf8 39. Qa3 Rgg8 40. Qb4 Ra8 41. Ne1
a6 42. Nd3 f3 43. Kg3 Rgf8 44. bxa6 Rxa6 45. a4 Raa8 46. Ra2 Kg8 47. Qd2 f2 48.
Qg5+ Qg7 49. Qxg7+ Kxg7 50. Nxf2 b5 51. a5 b4 52. Nd3 b3 53. Rb2 Rxa5 54. Rxb3
Ra6 55. Rc3 Kf7 56. Nc5 Rxc6 57. Ra3 Ke7 58. g5 Rf5 59. h4 Rxc5 60. dxc5 Rxe5
61. Ra8 Rf5 62. Rc8 Kd7 63. Rh8 Rf7 64. h5 e5 65. Kg4 d4 66. g6 hxg6 67. hxg6
Rf1 68. g7 Rg1+ 69. Kf5 Rxg7 70. Kxe5 d3 71. Rh3 Kc6 72. Rxd3 Kxc5 73. Rc3+ Kb4
74. Rc1 c5 75. Rb1+ Kc4 76. Rc1+ Kb5 77. Rb1+ Kc6 78. Ke4 Rg3 79. Rb8 1/2-1/2

[Event "BL 9192 Empor Berlin-Hannover"]
[Site "?"]
[Date "1991.??.??"]
[Round "?.8"]
[White "Thinius, M."]
[Black "Oppitz, P."]
[Result "1-0"]
[WhiteElo "2350"]
[BlackElo "2240"]
[PlyCount "121"]
[EventDate "1991.??.??"]

1. d4 Nf6 2. Nf3 g6 3. c4 Bg7 4. g3 O-O 5. Bg2 d6 6. O-O Nc6 7. Nc3 a6 8. h3
Rb8 9. Be3 b5 10. Nd2 Bd7 11. Rc1 b4 12. Na4 Na7 13. b3 Bxa4 14. bxa4 c6 15.
Nb3 Nd7 16. Qd3 Qc8 17. a5 Rd8 18. Rfd1 Bf6 19. Kh2 e5 20. d5 c5 21. h4 Rf8 22.
Bh3 Qd8 23. Rc2 Rb7 24. Bc1 Bg7 25. e4 Nc8 26. h5 g5 27. Rg1 h6 28. f4 f6 29.
Rf2 Ne7 30. Qe2 Kh8 31. Qg4 f5 32. exf5 Rxf5 33. Qe2 gxf4 34. Bxf5 Nxf5 35.
gxf4 Qh4+ 36. Kg2 Nf6 37. fxe5 Nxh5 38. Rxf5 Qg3+ 39. Kf1 Qh3+ 40. Ke1 Qxf5 41.
exd6 Rd7 42. Nxc5 Rxd6 43. Qe8+ Kh7 44. Qe4 Qxe4+ 45. Nxe4 Rd8 46. Ke2 Be5 47.
Rf1 Kg6 48. Kd3 Ng7 49. Rg1+ Kh7 50. Bd2 Ne6 51. Rh1 Bg7 52. Ng5+ Nxg5 53. Bxg5
Rd7 54. Bd2 Bf8 55. Rf1 Be7 56. Be3 Bd8 57. Rh1 Rd6 58. Ke4 Bxa5 59. c5 Rg6 60.
d6 Bd8 61. Rxh6+ 1-0

[Event "BL 9192 Buna Halle-HSK"]
[Site "?"]
[Date "1991.??.??"]
[Round "?.1"]
[White "Wahls, M."]
[Black "Malich, B."]
[Result "1-0"]
[WhiteElo "2560"]
[BlackElo "2435"]
[PlyCount "99"]
[EventDate "1991.??.??"]

1. e4 c5 2. Nf3 e6 3. d4 cxd4 4. Nxd4 a6 5. Bd3 Ne7 6. f4 Nbc6 7. Nf3 d5 8. e5
Qb6 9. c3 h5 10. Nbd2 Qe3+ 11. Qe2 Qxe2+ 12. Kxe2 f6 13. Nb3 Kf7 14. Rf1 Nf5
15. Bxf5 exf5 16. Be3 Be7 17. Rae1 Re8 18. Kd2 fxe5 19. fxe5 g6 20. Bg5 Bxg5+
21. Nxg5+ Kg7 22. Nf3 Be6 23. Nbd4 Re7 24. h4 Rae8 25. Ke3 Bg8 26. Kf4 Nb8 27.
Re3 Nd7 28. Nb3 b6 29. a3 a5 30. Rd1 a4 31. Nbd4 Nc5 32. Ng5 Ne4 33. Nc6 Rc7
34. Nb4 Rc4 35. Rd4 Nc5 36. Re1 Rxd4+ 37. cxd4 Nb3 38. Rd1 Na5 39. Rc1 Nc4 40.
Rxc4 dxc4 41. d5 c3 42. bxc3 Rc8 43. e6 Rxc3 44. d6 Rc4+ 45. Ke5 Rxb4 46. d7
Rb5+ 47. Kd6 Rb1 48. e7 Rd1+ 49. Kc7 Rxd7+ 50. Kxd7 1-0

[Event "BL 9192 Buna Halle-HSK"]
[Site "?"]
[Date "1991.??.??"]
[Round "?.2"]
[White "Lechtinsky, J."]
[Black "Shirov, A."]
[Result "0-1"]
[WhiteElo "2400"]
[BlackElo "2610"]
[PlyCount "79"]
[EventDate "1991.??.??"]

1. d4 Nf6 2. Nf3 g6 3. c4 Bg7 4. Nc3 O-O 5. Bg5 d6 6. e3 Nbd7 7. Be2 e5 8. dxe5
dxe5 9. Qc2 c6 10. O-O Qe7 11. Nd2 h6 12. Bh4 g5 13. Bg3 Ne8 14. Rab1 f5 15. f3
b6 16. b4 Bb7 17. c5 bxc5 18. bxc5 Nxc5 19. Nb3 Bc8 20. Na5 Ne6 21. Na4 c5 22.
Bc4 N8c7 23. Rfd1 f4 24. Bf2 Kh8 25. Qe4 fxe3 26. Bxe3 Nd4 27. Bd3 Bf5 28. Qb7
e4 29. Bxe4 Bc8 30. Qb2 Nxf3+ 31. gxf3 Bxb2 32. Bxc5 Qe8 33. Nxb2 Rb8 34. Nc6
Bb7 35. Nxb8 Bxe4 36. fxe4 Rf4 37. Bd6 Rg4+ 38. Kf2 Rxe4 39. Rd2 Qxb8 40. Rc1 {
ZÜ} 0-1

[Event "BL 9192 Buna Halle-HSK"]
[Site "?"]
[Date "1991.??.??"]
[Round "?.3"]
[White "Brunner, L."]
[Black "Schoeneberg, M."]
[Result "1/2-1/2"]
[WhiteElo "2505"]
[BlackElo "2335"]
[PlyCount "42"]
[EventDate "1991.??.??"]

1. e4 c5 2. Nf3 e6 3. d4 cxd4 4. Nxd4 Nf6 5. Nc3 d6 6. g4 h6 7. g5 hxg5 8. Bxg5
a6 9. Bg2 Qc7 10. Qd2 Bd7 11. O-O-O Nc6 12. h4 O-O-O 13. f4 Be7 14. Bf3 Kb8 15.
h5 Nxd4 16. Qxd4 e5 17. Qg1 Bc6 18. Kb1 Nh7 19. Bh4 Bxh4 20. Rxh4 Qe7 21. Rg4
Nf6 1/2-1/2

[Event "BL 9192 Buna Halle-HSK"]
[Site "?"]
[Date "1991.??.??"]
[Round "?.4"]
[White "Trapl, J."]
[Black "Mueller, Ka"]
[Result "0-1"]
[WhiteElo "2385"]
[BlackElo "2425"]
[PlyCount "102"]
[EventDate "1991.??.??"]

1. e4 e6 2. d4 d5 3. e5 c5 4. Nf3 cxd4 5. Bd3 Nc6 6. O-O f5 7. Nbd2 Bc5 8. a3
a5 9. Nb3 Bb6 10. Bb5 Bd7 11. a4 Nge7 12. Nbxd4 O-O 13. Nb3 Ng6 14. Qe2 f4 15.
c4 Qe7 16. Bd2 Rf5 17. Bc3 Nh4 18. cxd5 exd5 19. Rad1 Be6 20. Bd4 Nxf3+ 21.
Qxf3 Nxe5 22. Bxe5 Rxe5 23. Qxf4 Re4 24. Qd2 Rf8 25. Nc1 Qh4 26. Nd3 Rg4 27.
Ne5 Rd4 28. Qe2 Re4 29. Nf3 Rxe2 30. Nxh4 Rexf2 31. Kh1 Rxb2 32. Nf3 h6 33.
Rfe1 Bg4 34. Rd3 Bxf3 35. Rxf3 Rxf3 36. gxf3 Kf7 37. Re5 Rxh2+ 38. Kxh2 Bc7 39.
f4 Bxe5 40. fxe5 Ke6 41. Kg3 Kxe5 42. Kf3 Kd4 43. Ke2 h5 44. Be8 h4 45. Bd7 Kc3
46. Ke3 d4+ 47. Ke2 g6 48. Be8 d3+ 49. Kd1 h3 50. Bxg6 h2 51. Be4 b5 0-1

[Event "BL 9192 Buna Halle-HSK"]
[Site "?"]
[Date "1991.??.??"]
[Round "?.5"]
[White "Maus, So"]
[Black "Liebert, H."]
[Result "1-0"]
[WhiteElo "2385"]
[BlackElo "2395"]
[PlyCount "47"]
[EventDate "1991.??.??"]

1. e4 c5 2. Nc3 Nc6 3. Nge2 e6 4. g3 a6 5. Bg2 Nge7 6. O-O g6 7. d4 cxd4 8.
Nxd4 Bg7 9. Be3 O-O 10. Nxc6 bxc6 11. Qd6 f5 12. e5 Re8 13. f4 Bf8 14. Qd2 Rb8
15. Na4 Nd5 16. Bf2 d6 17. c4 dxe5 18. cxd5 e4 19. d6 Qxd6 20. Qxd6 Bxd6 21.
Rfd1 Bf8 22. Rac1 Rb4 23. b3 Bb7 24. Bf1 1-0